00710nam a2200181 a 450000100100000000500170001000800410002702000150006804000250008308200180010810000330012624501120015926001110027130000400038250000630042265000200048565000230050500001070820200929162258.0091009s1999 dr ad 001 0 spa d a8489539952 aDO-SdBNPbspacBNPHU a621.56bM843t1 aMoreno San Juan, José Luis10aTópicos especializados sobre refrigeración y climatización artificial /cJosé Luis Moreno San Juan. aSanto Domingo :bUniversidad Autónoma de Santo Domingo.bFacultad de Ingeniería y Arquitectura,c1999. a423 p. :bil. ; gráfcs. ;c27 cm. aIncluye datos biográficos del autor en la contraportada. 4aRefrigeración 4aAire acondicionado